Extra reality nové bývanie a komerčné priestory
Byty. Správa bytov. Kancelárie, obchody. Polyfunkčné objekty. Rodinné domy. Administratívne a obchodné priestory. Logistické centrá. Inzerujúce spoločnosti a projekty.
Guardado en:
| Formato: | Capítulo de libro |
|---|---|
| Lenguaje: | eslovaco |
| Materias: | |
| Etiquetas: |
Sin Etiquetas, Sea el primero en etiquetar este registro!
|
MARC
| LEADER | 00000naa$a2200000$$$4500 | ||
|---|---|---|---|
| 001 | 0047119 | ||
| 005 | 20231009084035.1 | ||
| 041 | 0 | |a slo | |
| 044 | |a SK | ||
| 245 | 1 | 0 | |a Extra reality |b nové bývanie a komerčné priestory |
| 520 | |a Byty. Správa bytov. Kancelárie, obchody. Polyfunkčné objekty. Rodinné domy. Administratívne a obchodné priestory. Logistické centrá. Inzerujúce spoločnosti a projekty. | ||
| 610 | 2 | 0 | |a nehnuteľnosti |
| 610 | 2 | 0 | |a byty |
| 610 | 2 | 0 | |a kancelárie |
| 610 | 2 | 0 | |a centrá obchodné |
| 610 | 2 | 0 | |a domy služieb |
| 610 | 2 | 0 | |a budovy |
| 610 | 2 | 0 | |a administratíva |
| 610 | 2 | 0 | |a logistika obchodná |
| 610 | 2 | 0 | |a inzercia |
| 610 | 2 | 0 | |a projekty |
| 610 | 2 | 0 | |a Slovensko |